Vernacular architecture and regional design : (Record no. 8746)

MARC details
000 -LEADER
fixed length control field 01431cam a2200325 a 4500
001 - CONTROL NUMBER
control field ocn276648236
003 - CONTROL NUMBER IDENTIFIER
control field OCoLC
005 - DATE AND TIME OF LATEST TRANSACTION
control field 20260405142728.0
008 - FIXED-LENGTH DATA ELEMENTS--GENERAL INFORMATION
fixed length control field 081104s2009 ne abe 001 0 eng
015 ## - NATIONAL BIBLIOGRAPHY NUMBER
National bibliography number GBA8D4037
Source bnb
016 7# - NATIONAL BIBLIOGRAPHIC AGENCY CONTROL NUMBER
Record control number 014836824
Source Uk
020 ## - INTERNATIONAL STANDARD BOOK NUMBER
International Standard Book Number 9780750659338 (pbk.)
020 ## - INTERNATIONAL STANDARD BOOK NUMBER
International Standard Book Number 0750659335 (pbk.)
035 ## - SYSTEM CONTROL NUMBER
System control number (OCoLC)276648236
Canceled/invalid control number (OCoLC)246895327
040 ## - CATALOGING SOURCE
Original cataloging agency UKM
Transcribing agency UKM
Modifying agency YDXCP
-- BWKUK
-- BWK
-- CDX
-- BWX
-- BON
-- BTCTA
050 #4 - LIBRARY OF CONGRESS CALL NUMBER
Classification number NA208
Item number .H43 2009
082 04 - DEWEY DECIMAL CLASSIFICATION NUMBER
Classification number 720.103 H43 2009
Edition number 22
090 ## - LOCALLY ASSIGNED LC-TYPE CALL NUMBER (OCLC); LOCAL CALL NUMBER (RLIN)
Classification number (OCLC) (R) ; Classification number, CALL (RLIN) (NR) NA208
Local cutter number (OCLC) ; Book number/undivided call number, CALL (RLIN) .H43 2009
100 1# - MAIN ENTRY--PERSONAL NAME
Personal name Heath, Kingston Wm.
245 10 - TITLE STATEMENT
Title Vernacular architecture and regional design :
Remainder of title cultural process and environmental response /
Statement of responsibility, etc. Kingston Wm. Heath.
250 ## - EDITION STATEMENT
Edition statement 1st ed.
260 ## - PUBLICATION, DISTRIBUTION, ETC.
Place of publication, distribution, etc. Amsterdam ;
-- Boston ;
-- London :
Name of publisher, distributor, etc. Architectural Press,
Date of publication, distribution, etc. c2009.
300 ## - PHYSICAL DESCRIPTION
Extent xxiv , 185 p. :
Other physical details ill., maps, plans ;
Dimensions 25 cm.
500 ## - GENERAL NOTE
General note Includes index.
505 0# - FORMATTED CONTENTS NOTE
Formatted contents note Section one: Exploring the nature of place -- Section two: From regional theory to a situated regional response.
520 ## - SUMMARY, ETC.
Summary, etc. Defines a set of strategies for understanding the complexities of a regional setting and, through a series of international case studies, examines how architects and designers have applied a variety of tactics to achieve culturally and environmentally appropriate design solutions.
650 #0 - SUBJECT ADDED ENTRY--TOPICAL TERM
Topical term or geographic name entry element Vernacular architecture.
650 #0 - SUBJECT ADDED ENTRY--TOPICAL TERM
Topical term or geographic name entry element Sustainable architecture.
942 ## - ADDED ENTRY ELEMENTS (KOHA)
Source of classification or shelving scheme Dewey Decimal Classification
Koha item type English Book
Suppress in OPAC No
Holdings
Withdrawn status Lost status Source of classification or shelving scheme Damaged status Not for loan Home library Current library Date acquired Total Checkouts Full call number Barcode Date last seen Price effective from Koha item type
    Dewey Decimal Classification     CENTRAL TUWAIQ 04/05/2026   720.103 H43 2009 1000000029034 04/05/2026 04/05/2026 English Book